<?xml version="1.0" encoding="UTF-8"?>
<record
    xmlns:xsi="http://www.w3.org/2001/XMLSchema-instance"
    xsi:schemaLocation="http://www.loc.gov/MARC21/slim http://www.loc.gov/standards/marcxml/schema/MARC21slim.xsd"
    xmlns="http://www.loc.gov/MARC21/slim">

  <leader>01664nam a2200361 i 4500</leader>
  <controlfield tag="003">OSt</controlfield>
  <controlfield tag="005">20230316160540.0</controlfield>
  <controlfield tag="008">230316t20212021enka   jr     000 1 eng d</controlfield>
  <datafield tag="020" ind1=" " ind2=" ">
    <subfield code="a">9780711251984</subfield>
    <subfield code="c">RM 55.50</subfield>
    <subfield code="q">hardback</subfield>
  </datafield>
  <datafield tag="040" ind1=" " ind2=" ">
    <subfield code="a">PPAK</subfield>
    <subfield code="b">eng</subfield>
    <subfield code="c">PPAK</subfield>
    <subfield code="e">rda</subfield>
  </datafield>
  <datafield tag="082" ind1="0" ind2="4">
    <subfield code="a">823.92</subfield>
    <subfield code="2">23</subfield>
  </datafield>
  <datafield tag="090" ind1="0" ind2="0">
    <subfield code="a">823.92</subfield>
    <subfield code="b">QUA</subfield>
    <subfield code="d">K</subfield>
  </datafield>
  <datafield tag="110" ind1="2" ind2=" ">
    <subfield code="a">Quarto Publishing plc, </subfield>
    <subfield code="e">author. </subfield>
  </datafield>
  <datafield tag="245" ind1="1" ind2="0">
    <subfield code="a">It's OK to Make Mistakes /</subfield>
    <subfield code="c">ILLUSTRATED BY ANNELIESDRAWS.</subfield>
  </datafield>
  <datafield tag="246" ind1="3" ind2=" ">
    <subfield code="a">It is okay to need a friend </subfield>
  </datafield>
  <datafield tag="264" ind1=" " ind2="1">
    <subfield code="a"> London :</subfield>
    <subfield code="b">Wide Eyed Editions, </subfield>
    <subfield code="c">2021</subfield>
  </datafield>
  <datafield tag="264" ind1=" " ind2="4">
    <subfield code="c">&#xA9;2021</subfield>
  </datafield>
  <datafield tag="300" ind1=" " ind2=" ">
    <subfield code="a">1 volume :</subfield>
    <subfield code="b">chiefly illustrations (colour) ;</subfield>
    <subfield code="c">20 cm. </subfield>
  </datafield>
  <datafield tag="300" ind1=" " ind2=" ">
    <subfield code="a">16 unnumbered pages :</subfield>
    <subfield code="b">colour illustrations ;</subfield>
    <subfield code="c">20 cm.</subfield>
  </datafield>
  <datafield tag="336" ind1=" " ind2=" ">
    <subfield code="a">text</subfield>
    <subfield code="2">rdacontent</subfield>
  </datafield>
  <datafield tag="337" ind1=" " ind2=" ">
    <subfield code="a">unmediated</subfield>
    <subfield code="2">rdamedia</subfield>
  </datafield>
  <datafield tag="338" ind1=" " ind2=" ">
    <subfield code="a">volume</subfield>
    <subfield code="2">rdacarrier</subfield>
  </datafield>
  <datafield tag="490" ind1="1" ind2=" ">
    <subfield code="a">Little Brown Bear </subfield>
  </datafield>
  <datafield tag="520" ind1=" " ind2=" ">
    <subfield code="a">What happens when we make a mistake? As Little Brown Bear knows, making a mistake isn't something to be ashamed of, it's something to celebrate, because mistakes show that we are learning and growing. See how Little Brown Bear tries new things, keeps going even when he finds a puzzle tricky and always knows that mistakes are great - because they are how you learn! Simple, poignant messages about being brave and trying your best are illustrated with Annelies' adorable vintage-style artwork. </subfield>
  </datafield>
  <datafield tag="650" ind1="1" ind2="0">
    <subfield code="a">Bears</subfield>
    <subfield code="v">Juvenile fiction. </subfield>
  </datafield>
  <datafield tag="650" ind1="2" ind2="0">
    <subfield code="a">Errors</subfield>
    <subfield code="v">Juvenile fiction. </subfield>
  </datafield>
  <datafield tag="650" ind1="2" ind2="0">
    <subfield code="a">Learning</subfield>
    <subfield code="v">Juvenile fiction. </subfield>
  </datafield>
  <datafield tag="655" ind1=" " ind2="7">
    <subfield code="a">Picture books.</subfield>
    <subfield code="2">lcgft </subfield>
  </datafield>
  <datafield tag="700" ind1="1" ind2=" ">
    <subfield code="a">AnneliesDraws,</subfield>
    <subfield code="e">illustrators. </subfield>
  </datafield>
  <datafield tag="800" ind1="1" ind2=" ">
    <subfield code="a">AnneliesDraws.</subfield>
    <subfield code="t">Little Brown Bear. </subfield>
  </datafield>
  <datafield tag="830" ind1=" " ind2="0">
    <subfield code="a">Little Brown Bear </subfield>
  </datafield>
  <datafield tag="942" ind1=" " ind2=" ">
    <subfield code="2">ddc</subfield>
    <subfield code="c">B</subfield>
  </datafield>
  <datafield tag="999" ind1=" " ind2=" ">
    <subfield code="c">191765</subfield>
    <subfield code="d">191765</subfield>
  </datafield>
  <datafield tag="952" ind1=" " ind2=" ">
    <subfield code="0">0</subfield>
    <subfield code="7">0</subfield>
    <subfield code="b">PPAK</subfield>
    <subfield code="c">K</subfield>
    <subfield code="d">2023-05-11</subfield>
    <subfield code="l">4</subfield>
    <subfield code="o">K 823.92 QUA</subfield>
    <subfield code="p">A01778341</subfield>
    <subfield code="r">2026-03-15 12:43:41</subfield>
    <subfield code="s">2026-02-21</subfield>
    <subfield code="y">B</subfield>
  </datafield>
  <datafield tag="952" ind1=" " ind2=" ">
    <subfield code="0">0</subfield>
    <subfield code="7">0</subfield>
    <subfield code="b">SP</subfield>
    <subfield code="c">K</subfield>
    <subfield code="d">2023-05-11</subfield>
    <subfield code="l">14</subfield>
    <subfield code="o">K 823.92 QUA</subfield>
    <subfield code="p">A01778342</subfield>
    <subfield code="r">2026-05-23 15:30:21</subfield>
    <subfield code="s">2026-02-28</subfield>
    <subfield code="y">B</subfield>
  </datafield>
  <datafield tag="952" ind1=" " ind2=" ">
    <subfield code="0">0</subfield>
    <subfield code="7">0</subfield>
    <subfield code="b">KM</subfield>
    <subfield code="c">K</subfield>
    <subfield code="d">2023-05-11</subfield>
    <subfield code="l">4</subfield>
    <subfield code="m">2</subfield>
    <subfield code="o">K 823.92 QUA</subfield>
    <subfield code="p">A01778343</subfield>
    <subfield code="r">2025-10-04 16:12:36</subfield>
    <subfield code="s">2025-09-14</subfield>
    <subfield code="y">B</subfield>
  </datafield>
</record>
